Introduction to hydraulics and pneumatics / (Record no. 4527)

MARC details
000 -LEADER
fixed length control field 00673 a2200205 4500
010 ## - LCCN (DPL NO)
LC control number ENG-86342
020 ## - INTERNATIONAL STANDARD BOOK NUMBER
International Standard Book Number 8120330795
Terms of availability 295.00
035 ## - SYSTEM CONTROL NUMBER
System control number EN-69875
037 ## - SOURCE OF ACQUISITION
Source of stock number/acquisition DBAD / PUB
082 14 - DEWEY DECIMAL CLASSIFICATION NUMBER
Classification number 621.51
100 1# - MAIN ENTRY--PERSONAL NAME
Personal name Ilango, S
245 1# - TITLE STATEMENT
Title Introduction to hydraulics and pneumatics /
Statement of responsibility, etc by S. Ilango [and] V. Soundararajan
260 ## - PUBLICATION, DISTRIBUTION, ETC. (IMPRINT)
Place of publication, distribution, etc New Delhi
Name of publisher, distributor, etc Prentice-Hall of India
Date of publication, distribution, etc 2007
270 ## - ADDRESS
Address M-97, Connaught Circus
City New Delhi
State or province Delhi
Postal code 110001
300 ## - PHYSICAL DESCRIPTION
Extent xv, 292 p.
Other physical details ill.
Dimensions 24 cm. (Pbk)
500 ## - GENERAL NOTE
General note Includes bibliographical references and index
650 #0 - SUBJECT ADDED ENTRY--TOPICAL TERM
Topical term or geographic name as entry element Hydraulics
700 ## - ADDED ENTRY--PERSONAL NAME
Personal name Sundararajan, V
9 (RLIN) 35740
942 ## - ADDED ENTRY ELEMENTS (KOHA)
Institution code [OBSOLETE] dpl
Item type English Books
Source of classification or shelving scheme Dewey Decimal Classification
Classification part 621.51
Call number suffix ILA
Holdings
Withdrawn status Lost status Not for loan Collection code Home library Current library Source of acquisition Cost, normal purchase price Full call number Barcode Copy number Cost, replacement price Koha item type
    Not For Loan Non-fiction D.B.Act.Division D.B.Act.Division DBAD/PUB 295.00 621.51 ILA EN-69875 1 295.00 English Books

© Delhi Public Library
Hit Counter
free hit counter